=LDR 00000nam 2200000 4500 =001 INLIS000000000014370 =005 20201014080010 =035 ##$$a 0010-061300000014370 =008 201014################g##########0#ind## =041 ##$$a Ind =082 ##$$a 320.1 =090 ##$$a 320.1, Ard i =100 1#$$a Ardhiwisastra, Yudha Bhakti =245 1#$$a Imunitas kedaulatan negara di forum pegadilan asing. /$c Yudha Bhakti Ardhiwisastra =260 ##$$a Bandung :$b Alumni,$c 1999 =300 ##$$a xvi, 460 hlm, ; $c 14 x 21 cm =650 #4$$a Kedaulatan =850 ##$$a NBPNMAT =020 ##$$a 979-414-039-2 =084 ##$$a 320.1 ARD i =250 ##$$a cet.1 =990 ##$$a 30501082 =990 ##$$a 30501083 =990 ##$$a 30501084 =990 ##$$a 30501085